00471nam a2200193 a 4500001001300000003000900013005001700022008004100039020001000080082001300090100001600103245002200119260004700141300000800188500003500196505001300231650001700244700001600261nice12345678IN_TiNIC20260116011812.0050524s1905 cala grp 000 0 eng  ac10000a260bJOW aJowett, J H aPassion for Souls aCalcuttabMethodist Publishing Housec1905 a46p aincludes index and biblioraphy2 aAppendix aDiscipleship1 aJowett, J H